| 000 | 01705nam a22004217a 4500 | ||
|---|---|---|---|
| 001 | 425 | ||
| 003 | fiskh | ||
| 005 | 20231211150235.0 | ||
| 008 | 230420b cb ||||| |||| 00| 0 eng d | ||
| 020 | _a9780786814541 | ||
| 035 | _a(DLC) 98046366 | ||
| 040 |
_aDLC _cDLC _dDLC _dFISKH _beng |
||
| 042 | _alcac | ||
| 050 | 0 | 0 |
_aPZ7.E72554 _bBi 1999 |
| 082 | 0 | 0 |
_aPZ7.E72554 _221 |
| 100 | 1 | _aErdrich, Louise. | |
| 245 | 1 | 4 |
_aThe birchbark house / _cLouise Erdrich with illustrations bythe author. |
| 250 | _a1st ed. | ||
| 260 |
_aNew York : _bHyperionBooks for Children, _cc1999. |
||
| 300 |
_a244 p. : _bill. ; _c23 cm. |
||
| 500 | _aSequel: Game of silence. | ||
| 520 | _aOmakayas, a seven-year-old Native American girl of the Ojibwa tribe, lives through the joys of summer and the perils of winter on an island in Lake Superior in 1847. | ||
| 521 | 8 |
_a970
_bLexile |
|
| 521 | 8 |
_aU
_bRaz-Plus |
|
| 561 | _5DLC | ||
| 650 | 0 |
_aOjibwa Indians _xJuvenile fiction. |
|
| 650 | 1 |
_aOjibwa Indians _xFiction. |
|
| 650 | 1 |
_aIndians of North America _zSuperior, Lake, Region _xFiction. |
|
| 650 | 1 |
_aIslands _xFiction. |
|
| 650 | 1 |
_aSeasons _xFiction. |
|
| 651 | 1 |
_aSuperior, Lake, Region _xFiction. |
|
| 710 | 2 |
_aGene Berry and Jeffrey Campbell Collection (Library of Congress) _5DLC |
|
| 906 |
_a7 _bcbc _corignew _d1 _eocip _f19 _gy-gencatlg |
||
| 942 |
_2ddc _cBK _n0 |
||
| 987 |
_bRBSCDRECON _c20230203 _dr _fAUTHORITY WORK NEEDED |
||
| 999 |
_c425 _d425 |
||